000 00822nam a2200229Ia 4500
003 CO-CtgCURN
005 20250411152923.0
008 190722s1996 xx f 000 0 spa d
040 _aCO-CtgCURN
_bspa
_ccoctgcurn
082 _a342.22
_bP438l
100 _aPérez Villa, Jorge
_eautor
_94641
245 0 _aLas libertades públicas en Colombia /
_cJorge Pérez Villa
260 _aBogotá, Colombia :
_bLeyer,
_c1996
300 _a156 páginas ;
_c19 centímetros
490 _aBreviarios de Derecho
521 _aAREA PROFESIONAL
590 _aPrograma de Derecho_18
650 _aDerecho constitucional y administrativo
_94642
942 _cBK
_h342.22
_iP438l
_2ddc
_n0
999 _c28465
_d28465